Avec Romy SCHNEIDER ... ou pas - Statistiques

Statistiques générales
  • Ce quiz a été pris 69 fois
  • Le résultat moyen est 15 sur 29
Answers on the Grid
Answers color-coded by a green-red scale on the quiz's grid according to % correct below.
Sissi (1955)
Sissi impératrice (1956)
Christine (1958)
La belle et l'Empereur (1959)
Plein Soleil (1960)
Le procès (1962)
Le cardinal (1963)
Quoi de neuf, Pussycat ? (1965)
La piscine (1969)
Les choses de la vie (1970)
L'inceste (1970)
Max et les ferrailleurs (1971)
L'assassinat de Trotsky (1972)
César et Rosalie (1972)
Ludwig : le crépuscule des dieux (1972)
Le train (1973)
Le mouton enragé (1974)
Un amour de pluie (1974)
Le trio infernal (1974)
L'important c'est d'aimer (1975)
Les innocents aux mains sales (1975)
Le vieux fusil (1975)
Une femme à sa fenêtre (1976)
Mado (1976)
Une histoire simple (1978)
La banquière (1980)
Garde à vue (1981)
La passante du Sans-Souci (1982)
Cet obscur objet du désir (1977)
Le fantôme de la liberté (1974)
Vincent, François, Paul... et les autres (1974)
Les seins de glace (1974)
Belle de jour (1967)
L'amour c'est gai, l'amour c'est triste (1968)
La prisonnière (1968)
Le diable par la queue (1969)
L'aveu (1970)
La grande sauterelle (1967)
Le téléphone rose (1975)
Sérieux comme le plaisir (1975)
L'été de nos quinze ans (1983)
Themroc (1973)
Le voleur (1967)
Sissi face à son destin (1957)
 
Statistiques - réponses
Réponse % Correct
Sissi face à son destin (1957)
86%
Sissi impératrice (1956)
84%
La piscine (1969)
81%
César et Rosalie (1972)
77%
La passante du Sans-Souci (1982)
77%
Sissi (1955)
77%
Le vieux fusil (1975)
72%
Christine (1958)
70%
Max et les ferrailleurs (1971)
70%
La banquière (1980)
67%
Les choses de la vie (1970)
65%
Le train (1973)
56%
L'important c'est d'aimer (1975)
56%
Ludwig : le crépuscule des dieux (1972)
56%
Une histoire simple (1978)
56%
Mado (1976)
49%
Garde à vue (1981)
44%
L'assassinat de Trotsky (1972)
44%
Plein Soleil (1960)
42%
Une femme à sa fenêtre (1976)
42%
Le procès (1962)
40%
Quoi de neuf, Pussycat ? (1965)
35%
La belle et l'Empereur (1959)
33%
Le cardinal (1963)
33%
Les innocents aux mains sales (1975)
30%
Le mouton enragé (1974)
23%
Le trio infernal (1974)
21%
L'inceste (1970)
19%
Un amour de pluie (1974)
19%
Aucun quiz correspondant
Distribution des résultats
% des personnes avec chaque résultat
Percentile par nombre de réponses
Votre historique - résultats
Vous n’avez pas pris ce quiz